[Event "European Youth Chess Championship G10"]
[Site "Prague, Top Hotel Prague"]
[Date "2016.08.24"]
[Round "6.27"]
[White "Portero, Bravo Aitana"]
[Black "Chachiachvili, Salome"]
[Result "1/2-1/2"]
[WhiteElo "1228"]
[BlackElo "1391"]
[PlyCount "103"]
[EventDate "2016.08.18"]

1. e4 d6 2. d4 Nf6 3. Nc3 Nbd7 4. Nf3 e5 5. Be2 Be7 6. O-O O-O 7. h3 c6 8. a4
b6 9. Be3 Bb7 10. Bd3 Qc7 11. Qd2 d5 12. dxe5 Nxe5 13. Nxe5 Qxe5 14. exd5 Nxd5
15. Nxd5 Qxd5 16. c4 Qe6 17. Rfe1 Qf6 18. Bd4 Qg5 19. Qxg5 Bxg5 20. Be3 Bf6 21.
Rab1 Rfe8 22. b3 c5 23. Bd2 Rxe1+ 24. Rxe1 Bc6 25. Be4 Bxe4 26. Rxe4 h6 27. Bf4
Rd8 28. Re3 Rd1+ 29. Kh2 g5 30. Bb8 Rd7 31. Re2 Kf8 32. Re3 Bd8 33. Kh1 Rb7 34.
Bd6+ Be7 35. Bxe7+ Rxe7 36. Kh2 Re6 37. Kg3 Rf6 38. f3 Rd6 39. h4 Rg6 40. hxg5
Rxg5+ 41. Kh3 Rh5+ 42. Kg3 Rg5+ 43. Kh2 Rg6 44. g3 Re6 45. Rxe6 fxe6 46. Kh3
Kf7 47. Kh4 Kg6 48. f4 Kf5 49. Kh5 Ke4 50. Kg4 Ke3 51. Kh3 Kf3 52. Kh4 1/2-1/2

[Event "European Youth Chess Championship G10"]
[Site "Prague, Top Hotel Prague"]
[Date "2016.08.24"]
[Round "6.28"]
[White "Gagua, Nani"]
[Black "Kucharska, Helena"]
[Result "0-1"]
[WhiteElo "1382"]
[BlackElo "1206"]
[PlyCount "118"]
[EventDate "2016.08.18"]

1. e4 e6 2. d3 d5 3. Nd2 Nf6 4. Ngf3 Nc6 5. g3 dxe4 6. dxe4 e5 7. Bg2 Bc5 8.
O-O O-O 9. Nc4 Qe7 10. Bg5 h6 11. Bxf6 Qxf6 12. c3 a5 13. Qd5 b6 14. Qd2 Ba6
15. b3 Rad8 16. Qc2 Bxc4 17. bxc4 Qe6 18. Nd2 Rd6 19. Nb3 Qxc4 20. Nxc5 Qxc5
21. Rac1 Rfd8 22. Rfd1 Rxd1+ 23. Rxd1 Rxd1+ 24. Qxd1 Qd6 25. Qc2 Kf8 26. Bf1
Qc5 27. Bd3 Na7 28. a4 Nc8 29. Qd2 Nd6 30. Kg2 Ke7 31. f3 Nc4 32. Qc1 Ne3+ 33.
Kh3 Nc4 34. Kg2 Qe3 35. Qxe3 Nxe3+ 36. Kf2 Nd1+ 37. Ke1 Nxc3 38. Bc2 Na2 39.
Kd2 Nb4 40. Bb3 f6 41. Kc3 Kd6 42. Kc4 Nc6 43. Bd1 Nd4 44. f4 Ne6 45. f5 Nd4
46. h3 Nc6 47. g4 Na7 48. Bc2 Kc6 49. h4 Nc8 50. h5 Nd6+ 51. Kb3 Kc5 52. Kc3
Nc4 53. Bd1 c6 54. Be2 Nd6 55. Kd2 b5 56. axb5 cxb5 57. Kc2 Nc4 58. Bd1 b4 59.
Kb3 Nd2+ 0-1

[Event "European Youth Chess Championship G10"]
[Site "Prague, Top Hotel Prague"]
[Date "2016.08.24"]
[Round "6.29"]
[White "Sergejeva, Sofija"]
[Black "Aydin, Gulenay"]
[Result "0-1"]
[WhiteElo "1191"]
[BlackElo "1373"]
[PlyCount "66"]
[EventDate "2016.08.18"]

1. e4 c5 2. c3 d5 3. f3 Nc6 4. Bb5 e6 5. d4 cxd4 6. cxd4 Bb4+ 7. Bd2 Bxd2+ 8.
Qxd2 dxe4 9. fxe4 Qh4+ 10. Qf2 Qxe4+ 11. Ne2 Bd7 12. Bxc6 Bxc6 13. O-O Nf6 14.
Nbc3 Qg6 15. Rae1 O-O 16. Nf4 Qg5 17. Re5 Qh6 18. Qg3 Rad8 19. Rd1 Rd7 20. Rd3
Rfd8 21. d5 exd5 22. Rd4 g6 23. Nd3 b6 24. Nb4 Bb7 25. Qf3 Qg7 26. Nbxd5 Nxd5
27. Nxd5 Qxe5 28. Nf6+ Kg7 29. Qf2 Rxd4 30. Ng4 Rd1+ 31. Qf1 Rxf1+ 32. Kxf1
Rd1+ 33. Kf2 Qe1# 0-1

[Event "European Youth Chess Championship G10"]
[Site "Prague, Top Hotel Prague"]
[Date "2016.08.24"]
[Round "6.30"]
[White "Li, Darina"]
[Black "Jovanovic, Anja"]
[Result "1-0"]
[WhiteElo "1182"]
[BlackElo "1372"]
[PlyCount "135"]
[EventDate "2016.08.18"]

1. e4 e5 2. Nf3 Nc6 3. Bc4 Bc5 4. c3 Nf6 5. d3 h6 6. Nbd2 O-O 7. O-O Re8 8. Re1
Bf8 9. Bb3 d6 10. Nf1 Bg4 11. h3 Bh5 12. Ng3 Bg6 13. Nh4 Bh7 14. Ngf5 Qd7 15.
Qf3 Kh8 16. Nxh6 Bg8 17. Nxg8 Kxg8 18. Nf5 Qd8 19. Qg3 Nh7 20. Qg6 Qf6 21. Qxf6
Nxf6 22. Bg5 Nd7 23. Bd5 Nc5 24. Rad1 g6 25. Ne3 Kg7 26. Nc2 f6 27. Be3 Na4 28.
Rb1 Nb6 29. Bxb6 axb6 30. a3 f5 31. Rbd1 Kf6 32. Bxc6 bxc6 33. Nb4 c5 34. Nd5+
Kf7 35. Nxc7 fxe4 36. Nxa8 Rxa8 37. dxe4 Bh6 38. Rxd6 Rb8 39. Red1 Kg7 40. R1d5
Bf4 41. b3 Bc1 42. a4 Bb2 43. c4 Bd4 44. Rc6 Rf8 45. Rxd4 exd4 46. f3 Rb8 47.
Kf1 g5 48. Rd6 Kf7 49. Kf2 Kg7 50. Kg3 g4 51. Kxg4 Rc8 52. f4 Re8 53. Kf3 Rb8
54. g4 Rh8 55. Kg3 Re8 56. e5 Rb8 57. h4 Kf7 58. h5 Kg7 59. g5 Kh7 60. h6 Rb7
61. f5 Rb8 62. e6 Rb7 63. Kf4 Rb8 64. e7 Re8 65. f6 Kg8 66. g6 d3 67. f7+ Kh8
68. fxe8=Q# 1-0

[Event "European Youth Chess Championship G10"]
[Site "Prague, Top Hotel Prague"]
[Date "2016.08.24"]
[Round "6.31"]
[White "Dallemura, Anna"]
[Black "Pshevskaya, Yana"]
[Result "1-0"]
[WhiteElo "1064"]
[BlackElo "1362"]
[PlyCount "119"]
[EventDate "2016.08.18"]

1. e4 c5 2. Nf3 d6 3. c3 Nf6 4. Bd3 Nbd7 5. h3 a6 6. Bc2 b6 7. O-O Bb7 8. Re1
e6 9. d4 Qc7 10. Nbd2 Be7 11. Nf1 Rc8 12. Ng3 cxd4 13. Nxd4 O-O 14. Be3 Nc5 15.
Bg5 h6 16. Bxf6 Bxf6 17. Nf3 Rfd8 18. Rc1 Nd7 19. Qe2 Ne5 20. Nxe5 Bxe5 21. Qg4
Bxg3 22. Qxg3 d5 23. Qxc7 Rxc7 24. exd5 Rxd5 25. Red1 Rcd7 26. Rxd5 Bxd5 27.
Rd1 Bc6 28. Rxd7 Bxd7 29. Bd3 a5 30. a3 Kf8 31. Kf1 Ke7 32. Ke2 Kd6 33. b4 axb4
34. cxb4 Bc6 35. f3 e5 36. Ke3 Bd5 37. a4 g6 38. g4 Bc6 39. a5 b5 40. Be4 Bxe4
41. Kxe4 f6 42. f4 exf4 43. Kxf4 Kc6 44. h4 Kd5 45. h5 gxh5 46. gxh5 Kc6 47.
Kf5 Kd5 48. Kxf6 Kc4 49. a6 Kxb4 50. a7 Kc3 51. a8=Q b4 52. Qf3+ Kc2 53. Qe2+
Kc3 54. Qa2 b3 55. Qb1 b2 56. Kg6 Kb3 57. Kxh6 Ka3 58. Kg6 Kb3 59. h6 Ka3 60.
h7 1-0

[Event "European Youth Chess Championship G10"]
[Site "Prague, Top Hotel Prague"]
[Date "2016.08.24"]
[Round "6.33"]
[White "Olszewska, Wiktoria"]
[Black "Kowalczyk, Barbara"]
[Result "0-1"]
[WhiteElo "1361"]
[BlackElo "1100"]
[PlyCount "64"]
[EventDate "2016.08.18"]

1. e4 e5 2. Nf3 Nc6 3. Bb5 a6 4. Ba4 Nf6 5. O-O Nxe4 6. d4 b5 7. Bb3 d5 8. dxe5
Be6 9. c3 Be7 10. Re1 O-O 11. Bc2 Nc5 12. Nbd2 Qd7 13. Nf1 Rad8 14. Be3 Rfe8
15. Ng3 Bg4 16. Bf4 d4 17. h3 d3 18. Bb1 Bxf3 19. Qxf3 Bf6 20. Rd1 Bxe5 21. Rd2
Bxf4 22. Qxf4 Re1+ 23. Kh2 Ne6 24. Qf3 Ne5 25. Qh5 Nc5 26. Qh4 Nc4 27. Bxd3
Nxd3 28. Rxe1 Nxd2 29. Re7 Qc8 30. Re2 Nc4 31. b3 Nb6 32. Nf5 Qb8 0-1

[Event "European Youth Chess Championship G10"]
[Site "Prague, Top Hotel Prague"]
[Date "2016.08.24"]
[Round "6.34"]
[White "Dubovik, Maria"]
[Black "Zrmanovska, Mihaela"]
[Result "1-0"]
[WhiteElo "1274"]
[BlackElo "1091"]
[PlyCount "63"]
[EventDate "2016.08.18"]

1. d4 d5 2. c4 e6 3. Nf3 Nf6 4. Nc3 Nbd7 5. Bg5 Be7 6. Ne5 O-O 7. Rc1 Bd6 8. f4
Qe8 9. Nxd7 Nxd7 10. e3 c6 11. Qg4 Be7 12. Bd3 Bxg5 13. fxg5 g6 14. Qg3 e5 15.
O-O exd4 16. exd4 Nb6 17. cxd5 cxd5 18. Nb5 Qd7 19. h4 Qg4 20. Qf2 Bd7 21. Nd6
Qe6 22. Nxb7 Qg4 23. Nc5 Bf5 24. Be2 Qxe2 25. Qxe2 Rfe8 26. Qd1 Nc4 27. Re1
Nxb2 28. Rxe8+ Rxe8 29. Qb3 Nc4 30. Qf3 Rd8 31. g4 Bd7 32. Qf6 1-0

[Event "European Youth Chess Championship G10"]
[Site "Prague, Top Hotel Prague"]
[Date "2016.08.24"]
[Round "6.35"]
[White "Cassanelli, Emma"]
[Black "Simalcikova, Sara"]
[Result "1-0"]
[WhiteElo "1273"]
[BlackElo "1071"]
[PlyCount "41"]
[EventDate "2016.08.18"]

1. e4 e5 2. Nf3 Nf6 3. Nxe5 d6 4. Nf3 Nxe4 5. Nc3 Nxc3 6. dxc3 Nc6 7. Bf4 Bf5
8. Qd2 Be6 9. O-O-O Bxa2 10. b3 a5 11. Bb5 Qf6 12. Rhe1+ Kd7 13. Ne5+ Kc8 14.
Nxc6 bxc6 15. Bxc6 Be7 16. Bxa8 Kd7 17. Qd5 Qxf4+ 18. Kb2 Qxf2 19. Bc6+ Kd8 20.
Qxa5 Bxb3 21. Qa8# 1-0

[Event "European Youth Chess Championship G10"]
[Site "Prague, Top Hotel Prague"]
[Date "2016.08.24"]
[Round "6.38"]
[White "Kaliontzaki, Argyro Evanthia"]
[Black "Mustafina, Yuliana"]
[Result "0-1"]
[WhiteElo "1037"]
[BlackElo "1202"]
[PlyCount "56"]
[EventDate "2016.08.18"]

1. e4 e5 2. Nf3 Nc6 3. d4 exd4 4. Nxd4 Nf6 5. Nxc6 bxc6 6. Qe2 Qe7 7. Nc3 g6 8.
Bg5 Qe6 9. Qe3 Bg7 10. Bd3 O-O 11. O-O d5 12. Qf4 Qg4 13. e5 Qxf4 14. Bxf4 Nh5
15. g3 Nxf4 16. gxf4 Bh6 17. Ne2 Bh3 18. Rfe1 Bg4 19. Nd4 c5 20. f3 cxd4 21.
fxg4 Bxf4 22. e6 Be3+ 23. Kg2 fxe6 24. c3 Rf2+ 25. Kg3 Raf8 26. Re2 R8f3+ 27.
Kh4 g5+ 28. Kh5 Rh3# 0-1

[Event "European Youth Chess Championship G10"]
[Site "Prague, Top Hotel Prague"]
[Date "2016.08.24"]
[Round "6.43"]
[White "Szuscikova, Natalie"]
[Black "Trasakova, Adela"]
[Result "0-1"]
[WhiteElo "1163"]
[BlackElo "1052"]
[PlyCount "128"]
[EventDate "2016.08.18"]

1. e4 c6 2. d4 d5 3. e5 Bf5 4. c4 e6 5. Nc3 Nd7 6. a3 Ne7 7. c5 Ng6 8. Bd3 Bxd3
9. Qxd3 Be7 10. Nge2 O-O 11. O-O Rc8 12. b4 b6 13. Be3 bxc5 14. dxc5 Ndxe5 15.
Qd4 Bf6 16. Qd2 Nc4 17. Qd3 Nge5 18. Qd1 Ng4 19. Bf4 Nge5 20. Qa4 Qd7 21. Rab1
Nd3 22. Rfc1 Nxc1 23. Rxc1 Be5 24. Bxe5 Nxe5 25. f4 Nc4 26. Qb3 Rb8 27. Nd4 a5
28. Qd1 axb4 29. axb4 Rxb4 30. Qf3 Nd2 31. Qd3 Nb3 32. Nxb3 Rxb3 33. Qd4 Rfb8
34. Qd2 Qa7 35. h3 Qxc5+ 36. Kh2 Rb2 37. Qd3 Qf2 38. Qg3 Qxg3+ 39. Kxg3 R8b3
40. Kh2 Rb8 41. Na4 Ra2 42. Nc5 Ra7 43. Nd3 Rc7 44. Ne5 Rbc8 45. g4 c5 46. Nd3
Kf8 47. h4 Ke7 48. Ne5 c4 49. Kg2 f6 50. Nf3 Kd6 51. Kf2 e5 52. fxe5+ fxe5 53.
Ke3 d4+ 54. Kd2 Kd5 55. Ne1 Ke4 56. Nc2 c3+ 57. Ke2 d3+ 58. Kd1 dxc2+ 59. Rxc2
Kd3 60. Kc1 Rf8 61. Rxc3+ Rxc3+ 62. Kb2 Rb8+ 63. Ka2 Rc7 64. Ka1 Ra7# 0-1

[Event "European Youth Chess Championship G10"]
[Site "Prague, Top Hotel Prague"]
[Date "2016.08.24"]
[Round "6.47"]
[White "Lappi, Aurora"]
[Black "Deleu, Leen"]
[Result "0-1"]
[WhiteElo "1372"]
[BlackElo "1130"]
[PlyCount "98"]
[EventDate "2016.08.18"]

1. d4 Nf6 2. c4 c5 3. Nf3 e6 4. Nc3 d5 5. e3 Nc6 6. Be2 Be7 7. O-O O-O 8. b3
Bd6 9. Nb5 Be7 10. Ba3 a6 11. Nc3 Ne4 12. Rc1 Nxc3 13. Rxc3 dxc4 14. bxc4 cxd4
15. Bxe7 Qxe7 16. exd4 Rd8 17. Rd3 Nb4 18. Rd2 b6 19. a3 Nc6 20. Re1 Qxa3 21.
Rd3 Qe7 22. Bf1 Bb7 23. Qd2 Nb4 24. Rb3 Bxf3 25. Rxf3 Nc6 26. d5 Qc5 27. Qg5
exd5 28. Rg3 g6 29. Rh3 dxc4 30. Qh6 Qd4 31. Bxc4 Qg7 32. Qf4 Rd4 33. Qc1 b5
34. Bxf7+ Qxf7 35. Qxc6 Rad8 36. Rhe3 Rd1 37. Re8+ Qxe8 38. Qxe8+ Rxe8 39. Rxd1
b4 40. g3 b3 41. Rb1 Rb8 42. Kg2 a5 43. f4 a4 44. h4 a3 45. g4 a2 46. Ra1 b2
47. Rxa2 b1=Q 48. Ra7 Qc2+ 49. Kg3 Rb3# 0-1

[Event "European Youth Chess Championship G10"]
[Site "Prague, Top Hotel Prague"]
[Date "2016.08.24"]
[Round "6.49"]
[White "Suarez, Gomez Paula"]
[Black "Vavrinkova, Marie"]
[Result "1-0"]
[WhiteElo "1011"]
[BlackElo "1214"]
[PlyCount "35"]
[EventDate "2016.08.18"]

1. e4 e5 2. Nf3 Nf6 3. Nc3 Bb4 4. d3 O-O 5. h3 d5 6. Bd2 Nc6 7. a3 Ba5 8. b4
Bb6 9. Be2 a6 10. O-O Be6 11. Bg5 d4 12. Nb1 Re8 13. c4 h6 14. Bh4 Qd7 15. Nbd2
Rad8 16. c5 Ba7 17. Qc2 b6 18. cxb6 1-0

[Event "European Youth Chess Championship G10"]
[Site "Prague, Top Hotel Prague"]
[Date "2016.08.25"]
[Round "7.1"]
[White "Zvereva, Margarita"]
[Black "Shuqja, Klean"]
[Result "1/2-1/2"]
[WhiteElo "1930"]
[BlackElo "1513"]
[PlyCount "88"]
[EventDate "2016.08.18"]

1. e4 e5 2. Nf3 Nf6 3. Nxe5 d6 4. Nf3 Nxe4 5. Nc3 Nxc3 6. dxc3 Be7 7. Be3 Nc6
8. Qd2 a6 9. O-O-O Bg4 10. Be2 Qd7 11. Kb1 O-O-O 12. h3 Be6 13. Nd4 Bf6 14.
Nxe6 fxe6 15. f4 h5 16. g4 g6 17. g5 Bg7 18. Bd3 Qf7 19. Qe2 Rhe8 20. Bxa6 bxa6
21. Qxa6+ Kd7 22. Rxd6+ Kxd6 23. Rd1+ Ke7 24. Bc5+ Rd6 25. Qxc6 Kf8 26. Bxd6+
cxd6 27. Qxd6+ Kg8 28. Qc6 Rf8 29. a4 Qxf4 30. Qxe6+ Kh7 31. a5 Rb8 32. Qc6
Qxg5 33. a6 Qa5 34. Rd7 Rf8 35. Qc4 Rf6 36. Ra7 Qb6 37. Ra8 Re6 38. a7 Bxc3 39.
Qxc3 Qg1+ 40. Ka2 Ra6+ 41. Kb3 Rb6+ 42. Ka2 Ra6+ 43. Kb3 Rb6+ 44. Ka2 Ra6+
1/2-1/2

[Event "European Youth Chess Championship G10"]
[Site "Prague, Top Hotel Prague"]
[Date "2016.08.25"]
[Round "7.2"]
[White "Nadzamova, Viktoria"]
[Black "Zavivaeva, Emilia"]
[Result "1-0"]
[WhiteElo "1694"]
[BlackElo "1443"]
[PlyCount "49"]
[EventDate "2016.08.18"]

1. d4 Nf6 2. Nc3 e6 3. Bf4 b6 4. e3 Bb7 5. Nf3 Be7 6. h3 d6 7. Bd3 Nbd7 8. O-O
O-O 9. Qe2 c5 10. Rad1 Re8 11. Nb5 Nb8 12. c4 Bf8 13. Bb1 a6 14. Nxd6 Bxd6 15.
dxc5 Bxc5 16. Rxd8 Rxd8 17. Bg5 Nbd7 18. e4 h6 19. Bh4 g5 20. e5 Nh5 21. Nxg5
hxg5 22. Bxg5 Ng3 23. Qg4 Nxf1 24. Bh6+ Kh8 25. Qg7# 1-0

[Event "European Youth Chess Championship G10"]
[Site "Prague, Top Hotel Prague"]
[Date "2016.08.25"]
[Round "7.3"]
[White "Mihelic, Vesna"]
[Black "Pawicka, Magdalena"]
[Result "0-1"]
[WhiteElo "1412"]
[BlackElo "1501"]
[PlyCount "130"]
[EventDate "2016.08.18"]

1. e4 e5 2. Nf3 Nc6 3. Bc4 Bc5 4. d3 Nf6 5. Nc3 d6 6. Be3 Bb6 7. h3 Na5 8. Bb3
Nxb3 9. axb3 c6 10. Qd2 O-O 11. O-O Re8 12. Rfe1 Be6 13. Bxb6 Qxb6 14. d4 Nd7
15. d5 cxd5 16. Nxd5 Bxd5 17. Qxd5 Nf6 18. Qd3 d5 19. Nd2 Rad8 20. Qe3 d4 21.
Qd3 a6 22. Nc4 Qc7 23. Ra5 b5 24. Rxa6 bxc4 25. bxc4 Qb7 26. Ra2 Ra8 27. Rxa8
Rxa8 28. b3 Qb4 29. Rb1 Qc3 30. b4 Qxd3 31. cxd3 Ra3 32. b5 Kf8 33. b6 Nd7 34.
b7 Nb8 35. Rb5 Ra7 36. Rxe5 Rxb7 37. Rd5 Rd7 38. Rb5 Nc6 39. f4 Ke7 40. Kf2 Ra7
41. e5 Ra2+ 42. Kf3 Rd2 43. Rb3 Nd8 44. g4 Ne6 45. Rb7+ Kd8 46. Rb3 Nc5 47. Ra3
Rxd3+ 48. Rxd3 Nxd3 49. Ke4 Nf2+ 50. Kxd4 Nxh3 51. Ke3 g5 52. fxg5 Nxg5 53. Kf4
h6 54. Kg3 Ke7 55. Kh4 Nf3+ 56. Kh5 Nxe5 57. c5 Ke6 58. Kxh6 Nxg4+ 59. Kg5 Ne5
60. Kh5 Kd5 61. Kg5 Kxc5 62. Kf5 Kd5 63. Kf6 Kd6 64. Kf5 Nd7 65. Kf4 Ke6 0-1

[Event "European Youth Chess Championship G10"]
[Site "Prague, Top Hotel Prague"]
[Date "2016.08.25"]
[Round "7.4"]
[White "Bialek, Alicja"]
[Black "Gaal, Zsoka"]
[Result "0-1"]
[WhiteElo "1182"]
[BlackElo "1792"]
[PlyCount "39"]
[EventDate "2016.08.18"]

1. e4 c5 2. Nf3 g6 3. c3 Bg7 4. d4 cxd4 5. cxd4 d5 6. e5 Nc6 7. Nc3 h5 8. Bd3
Nh6 9. Bg5 Rb8 10. Qb3 Be6 11. O-O O-O 12. Rac1 Qa5 13. a3 Rfd8 14. h3 Nf5 15.
Qa2 Rd7 16. b4 Qd8 17. Bxf5 Bxf5 18. b5 Na5 19. Bf4 Rc8 20. Bg5 0-1

[Event "European Youth Chess Championship G10"]
[Site "Prague, Top Hotel Prague"]
[Date "2016.08.25"]
[Round "7.5"]
[White "Puia, Alexia-Teodora"]
[Black "Zabrzanska, Weronika"]
[Result "1/2-1/2"]
[WhiteElo "1392"]
[BlackElo "1486"]
[PlyCount "140"]
[EventDate "2016.08.18"]

1. d4 d5 2. c4 e6 3. Nc3 Nf6 4. cxd5 exd5 5. Bg5 Be7 6. Nf3 c6 7. Qc2 Nbd7 8.
e3 Nf8 9. Ne5 Ne6 10. Bxf6 Bxf6 11. f4 g5 12. g3 h6 13. Be2 gxf4 14. gxf4 Bh4+
15. Kd2 Ng7 16. Rhg1 Bf5 17. Bd3 Bxd3 18. Qxd3 Bf6 19. Rg2 Qb6 20. Qc2 Bxe5 21.
fxe5 Ne6 22. Rag1 O-O-O 23. Kc1 Kb8 24. Na4 Qa5 25. Rd2 Rhg8 26. Rgd1 Rg7 27.
a3 Rdg8 28. b4 Qa6 29. Kb1 Rg1 30. Ka2 Rxd1 31. Rxd1 h5 32. Nb2 h4 33. Qf2 Rg7
34. Qxh4 Rg2 35. Qe1 Qc4+ 36. Kb1 Qb3 37. Rd2 Qc3 38. Re2 Qxe1+ 39. Rxe1 Rxh2
40. Nd3 Rh3 41. Kc2 Rh2+ 42. Kc3 Ng5 43. Nc5 Kc7 44. Rg1 Rh5 45. Kb3 b6 46. Nd3
Nf3 47. Rg7 Rf5 48. e6 Kd8 49. exf7 Ke7 50. f8=Q+ Kxf8 51. Rxa7 Nd2+ 52. Kc3
Nc4 53. e4 dxe4 54. Kxc4 b5+ 55. Kc3 Rf3 56. Ra6 Rxd3+ 57. Kc2 Rxd4 58. Rxc6
Rc4+ 59. Rxc4 bxc4 60. Kd2 Ke7 61. b5 Kd7 62. a4 Kc7 63. a5 Kb7 64. a6+ Kb6 65.
Kd1 Ka7 66. Kd2 Kb6 67. Kd1 Ka7 68. Kd2 Kb8 69. b6 Ka8 70. a7 Kb7 1/2-1/2

[Event "European Youth Chess Championship G10"]
[Site "Prague, Top Hotel Prague"]
[Date "2016.08.25"]
[Round "7.8"]
[White "Starosta, Martyna"]
[Black "Veremiuk, Veronika"]
[Result "1/2-1/2"]
[WhiteElo "1624"]
[BlackElo "1330"]
[PlyCount "86"]
[EventDate "2016.08.18"]

1. d4 d5 2. Nc3 Nf6 3. Bg5 e6 4. e4 dxe4 5. Nxe4 Be7 6. Bxf6 Bxf6 7. Nf3 a6 8.
c3 Nd7 9. Bd3 b6 10. Qe2 Bb7 11. O-O-O Be7 12. Kb1 O-O 13. h4 Qe8 14. Nfg5 f5
15. Nd2 Bxg5 16. hxg5 Bxg2 17. Rh2 Bb7 18. Bc4 Bd5 19. Bxd5 exd5 20. Qf3 g6 21.
Rdh1 Rf7 22. Qxd5 Nf8 23. Qg2 Rd8 24. Kc1 Qe6 25. a3 Re8 26. Rh3 Rfe7 27. Re3
Qf7 28. Rhe1 Re6 29. Qh3 Rxe3 30. Rxe3 Rxe3 31. Qxe3 Qe6 32. Qf3 Qe1+ 33. Kc2
Qe7 34. Qg3 Qd7 35. Nf3 Qe7 36. Ne5 Nd7 37. f4 c5 38. Nxd7 Qxd7 39. Qe3 cxd4
40. Qxd4 Qe6 41. Qd8+ Kf7 42. Qc7+ Ke8 43. Qxh7 Qe2+ 1/2-1/2

[Event "European Youth Chess Championship G10"]
[Site "Prague, Top Hotel Prague"]
[Date "2016.08.25"]
[Round "7.9"]
[White "Ray, Hiya"]
[Black "Nguyen, Phuong Thao Vivien"]
[Result "1/2-1/2"]
[WhiteElo "1391"]
[BlackElo "1578"]
[PlyCount "60"]
[EventDate "2016.08.18"]

1. d4 Nf6 2. c4 g6 3. f3 Bg7 4. Nc3 O-O 5. e4 d6 6. Be3 Nbd7 7. Bd3 c5 8. d5
Ne5 9. Nge2 e6 10. Qd2 exd5 11. cxd5 Re8 12. O-O a6 13. a3 b5 14. b4 Nxd3 15.
Qxd3 c4 16. Qc2 Nd7 17. Nd4 Bb7 18. Rfb1 Nb6 19. a4 Nxd5 20. Nxd5 Bxd5 21. axb5
axb5 22. Rxa8 Qxa8 23. Nxb5 Qb8 24. Nxd6 Qxd6 25. Bc5 Qe5 26. exd5 Qxd5 27. Rd1
Qe6 28. b5 Rc8 29. Bf2 c3 30. b6 Qc6 1/2-1/2

[Event "European Youth Chess Championship G10"]
[Site "Prague, Top Hotel Prague"]
[Date "2016.08.25"]
[Round "7.10"]
[White "Mamardashvili, Ana"]
[Black "Karaivanova, Petya"]
[Result "1-0"]
[WhiteElo "1292"]
[BlackElo "1534"]
[PlyCount "133"]
[EventDate "2016.08.18"]

1. e4 e5 2. Nf3 Nc6 3. Nc3 Nf6 4. Be2 Be7 5. O-O O-O 6. d4 exd4 7. Nxd4 Bb4 8.
Nd5 Nxe4 9. Nxc6 dxc6 10. Nxb4 Qe7 11. Nd3 Re8 12. Be3 Bf5 13. Bg4 Bg6 14. Qf3
Nd6 15. Bc5 Be4 16. Bxd6 cxd6 17. Qe3 Qf8 18. Qg3 Bxd3 19. Qxd3 Rad8 20. Rae1
Rxe1 21. Rxe1 Re8 22. Rd1 Qe7 23. h3 d5 24. Qa3 Qxa3 25. bxa3 f6 26. Rb1 b6 27.
Kf1 c5 28. Re1 Rxe1+ 29. Kxe1 Kf7 30. Kd2 Ke7 31. Kd3 Kd6 32. f4 g6 33. h4 f5
34. Bf3 b5 35. c3 h5 36. g3 a6 37. Bd1 a5 38. a4 Kc6 39. axb5+ Kxb5 40. a4+ Kc6
41. Bf3 Kd6 42. Ke3 Ke6 43. Be2 Kd6 44. Bb5 Ke7 45. Bc6 Ke6 46. Kd3 Kd6 47. Be8
Ke6 48. Bxg6 Kf6 49. Bxh5 Kg7 50. Bf3 Kh6 51. Bxd5 Kh5 52. Kc4 Kg4 53. Kxc5
Kxg3 54. h5 Kxf4 55. h6 Ke3 56. h7 f4 57. h8=Q f3 58. Qd4+ Ke2 59. Bxf3+ Kxf3
60. Kd5 Kg3 61. Qe4 Kh3 62. Qf4 Kg2 63. Qe3 Kh1 64. Qd2 Kg1 65. Ke4 Kf1 66. Kf3
Kg1 67. Qg2# 1-0

[Event "European Youth Chess Championship G10"]
[Site "Prague, Top Hotel Prague"]
[Date "2016.08.25"]
[Round "7.11"]
[White "Vicze, Kata"]
[Black "Cornileau, Juliette"]
[Result "1-0"]
[WhiteElo "1495"]
[BlackElo "1317"]
[PlyCount "79"]
[EventDate "2016.08.18"]

1. e4 e5 2. f4 Nc6 3. Nf3 Bc5 4. Bc4 d6 5. Nc3 h6 6. d3 Nf6 7. Qe2 Nd4 8. Nxd4
Bxd4 9. Be3 Bxe3 10. Qxe3 c6 11. fxe5 dxe5 12. Qg3 Qe7 13. Qxg7 Rg8 14. Qxh6
Rxg2 15. O-O-O Ng4 16. Qh8+ Kd7 17. Qh3 Qg5+ 18. Kb1 Rf2 19. Rhg1 Kc7 20. Qg3
Qh5 21. h3 Ne3 22. Qxf2 Nxd1 23. Rxd1 f6 24. Qxf6 Bd7 25. Bf7 Qxh3 26. Qxe5+
Kc8 27. Rg1 b6 28. b3 Kb7 29. Nd5 cxd5 30. Bxd5+ Ka6 31. Bxa8 Qe3 32. Rg7 Bb5
33. a4 Qe1+ 34. Kb2 Qb4 35. axb5+ Qxb5 36. Bb7+ Ka5 37. b4+ Ka4 38. Qxb5+ Kxb5
39. Kb3 a5 40. Rg5# 1-0

[Event "European Youth Chess Championship G10"]
[Site "Prague, Top Hotel Prague"]
[Date "2016.08.25"]
[Round "7.12"]
[White "Strendeva, Viktoria"]
[Black "Trgovac, Marta"]
[Result "1/2-1/2"]
[WhiteElo "1431"]
[BlackElo "1277"]
[PlyCount "114"]
[EventDate "2016.08.18"]

1. d4 Nf6 2. Nf3 g6 3. Bf4 Bg7 4. h3 O-O 5. e3 Nc6 6. Bh2 d6 7. Be2 Bf5 8. a3
Nd7 9. O-O e5 10. c3 e4 11. Nfd2 Qg5 12. Bf4 Qf6 13. Bg4 Rfe8 14. a4 Ne7 15.
Nxe4 Bxe4 16. Bxd7 Red8 17. Qg4 h6 18. Bb5 c6 19. Bc4 d5 20. Bb3 Bf5 21. Qe2 g5
22. Bg3 Qg6 23. Re1 Bd3 24. Qd2 a6 25. Na3 b5 26. axb5 axb5 27. Bc2 Bxc2 28.
Qxc2 Qxc2 29. Nxc2 Nf5 30. Bc7 Rdc8 31. Bb6 Nd6 32. Na3 Ra6 33. Bc5 Ne4 34. Bb4
Nd2 35. Red1 Nb3 36. Ra2 Rca8 37. Kf1 Bf8 38. Bxf8 Kxf8 39. Ke2 Ke7 40. Kd3 c5
41. dxc5 Nxc5+ 42. Kd4 Rc6 43. Re1 Ke6 44. e4 dxe4 45. f3 f5 46. Ke3 f4+ 47.
Kd2 e3+ 48. Kc2 Nd7 49. Kb1 Kf5 50. Nxb5 Rxa2 51. Nd4+ Kf6 52. Nxc6 Ra8 53. Kc2
Ra6 54. Nd4 Nc5 55. Nb3 Nxb3 56. Kxb3 Rd6 57. Re2 Ke5 1/2-1/2

[Event "European Youth Chess Championship G10"]
[Site "Prague, Top Hotel Prague"]
[Date "2016.08.25"]
[Round "7.13"]
[White "Kanteraki, Maria-Myrto"]
[Black "Oz, Irem Ezra"]
[Result "0-1"]
[WhiteElo "1368"]
[BlackElo "1403"]
[PlyCount "82"]
[EventDate "2016.08.18"]

1. e4 c5 2. Nf3 g6 3. Bc4 Bg7 4. c3 d6 5. d4 cxd4 6. cxd4 Nf6 7. Nc3 O-O 8. Bb3
e6 9. O-O b6 10. Bf4 a6 11. Qd2 Bb7 12. Rfe1 Nc6 13. d5 exd5 14. Nxd5 Nxd5 15.
Qxd5 Na5 16. Qxd6 Nxb3 17. axb3 Bxb2 18. Rad1 Bg7 19. Qxd8 Rfxd8 20. Rxd8+ Rxd8
21. Bc7 Rd3 22. Bxb6 Rxb3 23. Bc5 a5 24. h3 h5 25. Nd4 Rc3 26. Bb6 Rc4 27. Nf3
a4 28. Nd2 Rc2 29. Nb1 Rb2 30. Bc5 Be5 31. Na3 Ba6 32. g3 Bd3 33. f4 Bc7 34.
Rc1 Bb6 35. Bxb6 Rxb6 36. e5 Rb3 37. Ra1 Be4 38. Kf2 Rf3+ 39. Ke2 Rxg3 40. h4
Rh3 41. Kf2 Rf3+ 0-1

[Event "European Youth Chess Championship G10"]
[Site "Prague, Top Hotel Prague"]
[Date "2016.08.25"]
[Round "7.14"]
[White "Zulfugarli, Mahluga"]
[Black "Cherepanova, Evita"]
[Result "1/2-1/2"]
[WhiteElo "1373"]
[BlackElo "1675"]
[PlyCount "88"]
[EventDate "2016.08.18"]

1. e4 e6 2. d4 d5 3. exd5 exd5 4. Bd3 Bd6 5. Nf3 Nc6 6. c3 Nge7 7. O-O O-O 8.
Bg5 Bg4 9. Nbd2 Qd7 10. Re1 h6 11. Bh4 Rfe8 12. Qb3 a6 13. a4 b6 14. Bg3 Na5
15. Qa2 c5 16. Bxd6 Qxd6 17. Re5 c4 18. Bc2 Nac6 19. Ree1 b5 20. axb5 axb5 21.
Qxa8 Rxa8 22. Rxa8+ Nd8 23. Ne5 Be6 24. h3 g6 25. Rea1 Kg7 26. R1a6 Qc7 27.
R8a7 Nb7 28. Ra1 Bc8 29. Bd1 b4 30. Ba4 bxc3 31. bxc3 Qb6 32. Bd7 Bxd7 33. Nxd7
Qb2 34. Nb1 Qc1+ 35. Kh2 Qf4+ 36. Kg1 Nd6 37. Nc5 Ndc8 38. Rd7 h5 39. Na4 Qf5
40. Rb7 h4 41. Nd2 Qf4 42. Nf3 g5 43. Ne5 Kh6 44. Nb6 f6 1/2-1/2